Catálogo
 En Linea

Memoria de los VII encuentros regionales de partidos políticos y agenda municipal en Centroamérica y República Dominicana. (Registro nro. 41854)

Detalles MARC
000 -CABECERA
campo de control de longitud fija 01353nam a2200241 a 4500
001 - NÚMERO DE CONTROL
campo de control 000042365
005 - FECHA Y HORA DE LA ÚLTIMA TRANSACCIÓN
campo de control 20201002040115.0
008 - DATOS DE LONGITUD FIJA--INFORMACIÓN GENERAL
campo de control de longitud fija 131127s2012 cr ad 001 0 spa d
020 ## - NÚMERO INTERNACIONAL ESTÁNDAR DEL LIBRO
Número Internacional Estándar del Libro 9789968809870
040 ## - FUENTE DE LA CATALOGACIÓN
Centro catalogador/agencia de origen DO-SdBNP
Lengua de catalogación spa
Centro/agencia transcriptor BNPHU
082 ## - NÚMERO DE LA CLASIFICACIÓN DECIMAL DEWEY
Número de clasificación 324.272
Número de documento/Ítem E56m
111 2# - ENTRADA PRINCIPAL--NOMBRE DE CONGRESO/REUNIÓN
Nombre de congreso/reunión o jurisdicción como elemento de entrada Encuentros Regionales de Partidos Políticos y Agenda Municipal en Centroamérica y República Dominicana
Número del congreso/reunión o número de parte o sección (7:
Fecha del congreso/reunión 2012 :
Sede del congreso/Lugar de la reunión San José?)
9 (RLIN) 69441
245 10 - MENCIÓN DE TÍTULO
Título Memoria de los VII encuentros regionales de partidos políticos y agenda municipal en Centroamérica y República Dominicana.
260 ## - PUBLICACIÓN, DISTRIBUCIÓN, ETC.
Lugar de publicación, distribución, etc. San José, Costa Rica :
Nombre del editor, distribuidor, etc. Fundación DEMUCA,
Fecha de publicación, distribución, etc. 2012.
300 ## - DESCRIPCIÓN FÍSICA
Extensión 88 p. :
Otras características físicas il., tabls. ;
Dimensiones 28 cm.
505 0# - NOTA DE CONTENIDO CON FORMATO
Nota de contenido con formato Presentación --
Título Contexto de promoción de la agenda municipal en Centroamérica y República Dominicana --
-- Los encuentros regionales de partidos políticos y agenda municipal --
-- Balance de resultados --
-- Retos y líneas futuras de trabajo --
Información miscelánea Bibliografía.
590 ## - NOTA LOCAL (RLIN)
Nota local Inventariado, 2019/MFF
650 #4 - PUNTO DE ACCESO ADICIONAL DE MATERIA--TÉRMINO DE MATERIA
Término de materia o nombre geográfico como elemento de entrada Partidos políticos
Subdivisión de forma CONGRESOS, CONFERENCIAS, ETC.
9 (RLIN) 69442
650 #4 - PUNTO DE ACCESO ADICIONAL DE MATERIA--TÉRMINO DE MATERIA
Término de materia o nombre geográfico como elemento de entrada Gobierno local
Subdivisión geográfica América Central
Subdivisión de forma CONGRESOS, CONFERENCIAS, ETC.
9 (RLIN) 69443
650 #4 - PUNTO DE ACCESO ADICIONAL DE MATERIA--TÉRMINO DE MATERIA
Término de materia o nombre geográfico como elemento de entrada Democracia
Subdivisión de forma CONGRESOS, CONFERENCIAS, ETC.
9 (RLIN) 53676
651 #4 - PUNTO DE ACCESO ADICIONAL DE MATERIA--NOMBRE GEOGRÁFICO
Nombre geográfico América Central
Subdivisión general Política Y Gobierno
Subdivisión de forma CONGRESOS, CONFERENCIAS, ETC.
9 (RLIN) 69444
910 ## - DATOS DE OPCIÓN DEL USUARIO (OCLC)
Datos de opción del usuario Validado. Control de calidad EMS.
Existencias
Estado de retiro Estado de pérdida Restricciones de uso No para préstamo Código de colección Localización permanente Ubicación/localización actual Ubicación en estantería Fecha de adquisición Número de inventario Total de préstamos Signatura topográfica completa Código de barras Fecha visto por última vez Precio válido a partir de Tipo de ítem Koha Número de copia
      Excluido de préstamo Monografías: Libros y Folletos Patrimonio Dominicano Patrimonio Dominicano Depósito 27.11.2013 LF1   324.272 E56m 42365-10 25.06.2020 25.06.2020 No se presta  
      Excluido de préstamo Monografías: Libros y Folletos Patrimonio Dominicano Patrimonio Dominicano Depósito 27.11.2013 LF1   324.272 E56m 42365-20 25.06.2020 25.06.2020 No se presta e. 2

Con tecnología Koha